Modern-Day Countries of the Kievan Rus' on a Map - Statistics

General Stats
  • This quiz has been taken 1,449 times
  • The average score is 10 of 10
Answers on the Map
Answers color-coded by a green-red scale on the quiz's map according to % correct below.
 
Answer Stats
Country % Correct
Russia
100%
Ukraine
100%
Belarus
99%
Latvia
99%
Poland
99%
Finland
98%
Lithuania
98%
Romania
98%
Moldova
97%
Slovakia
97%
No matching quizzes found
Score Distribution
Percent of People with Each Score
Percentile by Number Answered
Your Score History
You have not taken this quiz